|
|
|
|
| LEADER |
00665cam a2200193 7i4500 |
| 001 |
0000001683 |
| 005 |
20090305090000.0 |
| 020 |
|
|
|a 9789837204829
|
| 020 |
|
|
|a 9837204826 (pbk.)
|
| 090 |
0 |
0 |
|a BF637.C6
|b B38 2002
|
| 100 |
1 |
|
|a Batra, Promond
|
| 245 |
1 |
0 |
|a Simple ways to make your family happy
|c Promod Batra, Vijay Batra ; illustrated by Mickey Patel ; compiled and edited by Sarah Israel.
|
| 260 |
|
|
|a Kuala Lumpur:
|b Golden Books Centre Sdn. Bhd.,
|c 2002.
|
| 300 |
|
|
|a 411 p.:
|b ill.;
|c 22 cm.
|
| 650 |
0 |
0 |
|a Motivation
|
| 700 |
1 |
|
|a Israel, Sarah
|
| 700 |
1 |
|
|a Batra, Vijay
|
| 700 |
1 |
|
|a Patel, Mickey
|
| 999 |
|
|
|a 0000008872
|b BOK
|c OPEN SHELF
|e 1st Floor, Bestari Jaya
|